|
|
|
|
| LEADER |
00000 a2200000 4500 |
| 003 |
CL-VaPUC |
| 005 |
20241119115040.0 |
| 008 |
221201t2022 ||||| |||| 00| 0 eng d |
| 999 |
|
|
|c 439231
|d 439229
|
| 020 |
|
|
|a 978-0-323-67320-4
|
| 040 |
|
|
|c Pontificia Universidad Católica de Valparaíso
|
| 082 |
|
7 |
|a 616.0756 MCP 2022
|2 22
|
| 100 |
|
|
|a McPherson, Richard A.
|9 877954
|e author
|
| 245 |
|
|
|a Henry's.
|b Clinical diagnosis and management by laboratory methods.
|
| 250 |
|
|
|a 24th edition.
|
| 260 |
|
|
|a Philadelphia, PA., USA:
|b Elsevier,
|c 2022.
|
| 300 |
|
|
|a 1663 páginas.
|
| 500 |
|
|
|a Enhanced Digital version included.
|
| 583 |
|
|
|k GC
|c 20221201
|
| 650 |
|
|
|a Laboratorio clínico
|x Bioquímica clínica
|x Hematología
|9 879040
|
| 650 |
|
|
|a Enzimología clínica
|x Toxicología
|9 879041
|
| 650 |
|
|
|a Líquidos corporales
|9 361622
|
| 650 |
|
|
|a Inmunología
|x Inmunodeficiencias
|9 893984
|
| 650 |
|
|
|a Microbiología medica
|x Patología molecular
|9 893985
|
| 700 |
|
|
|a Pincus, Matthew R.
|e author
|9 879016
|
| 942 |
|
|
|2 ddc
|c BK
|
| 952 |
|
|
|0 0
|1 0
|2 ddc
|4 0
|6 616_075600000000000_MCP_2022
|7 0
|8 A
|9 588072
|a BIBCUR
|b BIBCUR
|c GEN
|d 2022-12-01
|e 3
|g 184754.00
|i 5655897
|l 1
|o 616.0756 MCP 2022
|p 5655897
|r 2025-04-22
|s 2024-11-19
|t 1
|v 184754.00
|w 2022-12-01
|y BK
|k TEM
|